000 00951nam a2200265 i 4500
001 bg
245 0 0 _aTechnologia żywności :
_bpodręcznik dla technikum.
_n2 /
_cMieczysław Dłużewski [et al.] ; koordynator Mieczysław Dłużewski.
250 _aWyd. 4.
260 _aWarszawa :
_bWydawnictwa Szkolne i Pedagogiczne,
_c2006.
300 _a418, [1] s. :
_brys., wykr. ;
_c24 cm.
504 _aBibliogr. s.418-[419].
650 9 _aŻywność
_xtechnologia
655 _aPodręczniki dla szkół zawodowych
700 1 _aDłużewski, Mieczysław
020 _a9788302079764 (cz. 2)
020 _a8302078972 (całość)
040 _cBPK
041 0 _apol
080 _a664(075.3.053.7)
920 _a978-83-02-07976-4 (cz. 2)
920 _a83-02-07897-2 (całość)
942 _cKS
008 s pl f |000 0 pol
999 _c53011
_d53011
856 _uhttp://koha.tu.koszalin.pl/cgi-bin/koha/opac-detail.pl?biblionumber=53011
_yKatalog online BPK